000 00576nam a2200205Ia 4500
005 20250326144726.0
008 250326s9999 xx 000 0 und d
020 _a0-07-063583-8
037 _aTextbook
040 _aFMSL
_beng
_cFMSL
041 _aeng
_2eng
084 _aX8(A):8y7 P7;1
_qFMSL
100 _aAnthony R N
245 0 _aManagement control systems
_cAnthony R N; Govindarajan V
250 _a12
260 _aNew Delhi
_bNew Delhi, Tata McGraw Hill
_c2007
300 _aix,769
942 _cTB
_hX8(A):8y7 P7;1
999 _c1304780
_d1304780